000
00215nam a2200085Ia 4500
245
0
_a
Open house
100
_a
BERG, Elizabeth London, 2003
_9
101712
942
_c
BK
008
210818s9999 xx 000 0 und d
999
_c
440755
_d
440754